000 00424nam a2200157Ia 4500
005 20250404083015.0
008 231217s9999 xx 000 0 und d
020 _a9788131407097
082 _a658.1 ALA;1 R
100 _aAlagiri, Dhandapani ed.
245 0 _aStructured finance : concepts and perspectives
260 _c2007
_bICFAI
_aHyderabad
300 _axviii, 207
650 _aStructured,finance
942 _cAA
999 _c191362
_d191362